000
00271nam a22001217a 4500
008
170621b xxu||||| |||| 00| 0 eng d
041
_a
eng
080
_2
6 ED
_a
32
100
_a
20
101
_a
shp
245
_a
NEW AMERICAN DEMOCRACY
_c
PETRSON.F
942
_2
udc
_c
BK
999
_c
18402
_d
18402